[Event "Espalion op 3rd"]
[Site "Espalion"]
[Date "2018.07.18"]
[Round "6"]
[White "Boulier, Rene"]
[Black "Duvette, Michel"]
[Result "1/2-1/2"]
[WhiteElo "1590"]
[BlackElo "1520"]
[PlyCount "116"]
[EventDate "2018.07.14"]
[EventType "swiss"]
[EventRounds "9"]
[EventCountry "FRA"]
[SourceTitle "CBM 185 Extra"]
[Source "ChessBase"]
[SourceDate "2018.07.29"]
[SourceVersion "1"]
[SourceVersionDate "2018.07.29"]
[SourceQuality "1"]

1. e4 d5 2. exd5 Nf6 3. Nc3 Nxd5 4. Nxd5 Qxd5 5. Nf3 Bg4 6. Be2 e6 7. 0-0 Be7 8. d4 Nc6 9. Be3 Bf6 10. c3 0-0 11. h3 Bh5 12. Qa4 a6 13. Rfe1 Qd6 14. Rad1 b5 15. Qc2 Bg6 16. Qc1 Qe7 17. Nd2 Rad8 18. Bf3 Nb8 19. Ne4 Bxe4 20. Bxe4 c6 21. Bb1 Rd7 22. Bf4 Rfd8 23. Bxb8 Rxb8 24. Re2 c5 25. dxc5 Rxd1+ 26. Qxd1 Qxc5 27. Qd3 g6 28. Bc2 Rd8 29. Qf3 Qg5 30. g3 Rd2 31. h4 Qh6 32. Kg2 Rxe2 33. Qxe2 Qf8 34. Qe4 Qd8 35. h5 Qd5 36. hxg6 Qxe4+ 37. Bxe4 hxg6 38. Bb7 a5 39. Bc6 b4 40. cxb4 axb4 41. b3 Kf8 42. Kf3 Ke7 43. Ke3 Bc3 44. Kd3 Kd6 45. Be8 Ke7 46. Bb5 Bb2 47. f3 e5 48. g4 f5 49. gxf5 gxf5 50. Kc4 Ba3 51. Kd5 Bb2 52. Bd3 Kf6 53. Bb1 Ba3 54. Bd3 e4 55. fxe4 fxe4 56. Bxe4 Ke7 57. Kc4 Kd6 58. Bh7 Ke5 1/2-1/2

[Event "Espalion op 3rd"]
[Site "Espalion"]
[Date "2018.07.15"]
[Round "2"]
[White "Boulier, Rene"]
[Black "Callebaut, Katia"]
[Result "1-0"]
[WhiteElo "1590"]
[BlackElo "1253"]
[PlyCount "37"]
[EventDate "2018.07.14"]
[EventType "swiss"]
[EventRounds "9"]
[EventCountry "FRA"]
[SourceTitle "CBM 185 Extra"]
[Source "ChessBase"]
[SourceDate "2018.07.29"]
[SourceVersion "1"]
[SourceVersionDate "2018.07.29"]
[SourceQuality "1"]

1. e4 e5 2. Nf3 Nc6 3. Bc4 h6 4. 0-0 Nf6 5. d4 Nxe4 6. Re1 d5 7. Bb5 a6 8. Bxc6+ bxc6 9. Nxe5 Qf6 10. f3 Bf5 11. fxe4 Bxe4 12. Nc3 Qh4 13. Nxe4 dxe4 14. g3 Qf6 15. Rf1 Qe6 16. Nxf7 Rh7 17. Be3 Qh3 18. Qe2 h5 19. Ng5 1-0

[Event "Espalion op 3rd"]
[Site "Espalion"]
[Date "2018.07.14"]
[Round "1"]
[White "Menard, Baptiste"]
[Black "Boulier, Rene"]
[Result "1-0"]
[WhiteElo "2184"]
[BlackElo "1590"]
[PlyCount "43"]
[EventDate "2018.07.14"]
[EventType "swiss"]
[EventRounds "9"]
[EventCountry "FRA"]
[SourceTitle "CBM 185 Extra"]
[Source "ChessBase"]
[SourceDate "2018.07.29"]
[SourceVersion "1"]
[SourceVersionDate "2018.07.29"]
[SourceQuality "1"]

1. e4 e6 2. d4 d5 3. Nc3 Nf6 4. exd5 Nxd5 5. Nf3 Bb4 6. Bd2 Nxc3 7. bxc3 Be7 8. Bd3 Nd7 9. 0-0 Nf6 10. c4 b6 11. Re1 Bb7 12. Qe2 Bxf3 13. Qxf3 0-0 14. d5 exd5 15. cxd5 Nxd5 16. Qh3 Nf6 17. Bg5 h6 18. Bxh6 gxh6 19. Qxh6 Re8 20. Re3 Bd6 21. Rh3 Bxh2+ 22. Kh1 1-0

[Event "Espalion op 2nd"]
[Site "Espalion"]
[Date "2017.07.15"]
[Round "1"]
[White "Moingt, Anne"]
[Black "Boulier, Rene"]
[Result "1-0"]
[WhiteElo "2027"]
[BlackElo "1608"]
[PlyCount "71"]
[EventDate "2017.07.15"]
[EventType "swiss"]
[EventRounds "9"]
[EventCountry "FRA"]
[SourceTitle "CBM 179 Extra"]
[Source "ChessBase"]
[SourceDate "2017.08.23"]
[SourceVersion "1"]
[SourceVersionDate "2017.08.23"]
[SourceQuality "1"]

1. e4 e6 2. d4 b6 3. Nf3 Ba6 4. Bxa6 Nxa6 5. 0-0 c6 6. Nc3 Bb4 7. a3 Bxc3 8. bxc3 Ne7 9. Bf4 d5 10. Qd3 Nc7 11. Rfe1 0-0 12. c4 dxe4 13. Qxe4 Rc8 14. Rad1 Ne8 15. Qd3 h6 16. Ne5 Nf6 17. Qf3 Qe8 18. Bxh6 gxh6 19. Qxf6 Kh7 20. Re3 c5 21. d5 Nf5 22. Red3 Qd8 23. Qxd8 Rcxd8 24. dxe6 Rxd3 25. Rxd3 fxe6 26. Rd7+ Ng7 27. Rxa7 Rd8 28. Nd7 Kg6 29. g3 Nf5 30. Kg2 Nd4 31. c3 Ne2 32. Nxb6 Nxc3 33. Nd7 Ne4 34. a4 Nd6 35. Nb6 Rb8 36. a5 1-0

[Event "Saint Affrique op 22nd"]
[Site "Saint Affrique"]
[Date "2014.07.22"]
[Round "5"]
[White "Boulier, Rene"]
[Black "Mouton, Aline"]
[Result "1-0"]
[WhiteElo "1651"]
[BlackElo "1010"]
[PlyCount "51"]
[EventDate "2014.07.19"]
[EventType "swiss"]
[EventRounds "9"]
[EventCountry "FRA"]
[SourceTitle "CBM 161 Extra"]
[Source "ChessBase"]
[SourceDate "2014.08.29"]
[SourceVersion "1"]
[SourceVersionDate "2014.08.29"]
[SourceQuality "1"]

1. e4 e5 2. Bc4 Nf6 3. Nc3 Bc5 4. Nf3 d6 5. 0-0 Bg4 6. a3 0-0 7. h3 Bh5 8. d3 Nc6 9. Be3 Bxe3 10. fxe3 Qd7 11. Qe1 a6 12. Nh4 b5 13. Ba2 Na5 14. Qg3 c5 15. Rxf6 Rfc8 16. Nd5 b4 17. Raf1 Qa4 18. Ne7+ Kf8 19. Nxc8 Rxc8 20. axb4 cxb4 21. Bxf7 Qxc2 22. Bb3+ Ke8 23. Bxc2 Rxc2 24. Qxg7 Bf7 25. Rxf7 Rc7 26. Rf8# 1-0

[Event "Chamalieres op"]
[Site "Chamalieres"]
[Date "2009.10.24"]
[Round "1"]
[White "Gleizerov, Evgeny"]
[Black "Boulier, Rene"]
[Result "1-0"]
[WhiteElo "2553"]
[BlackElo "1823"]
[PlyCount "61"]
[EventDate "2009.10.24"]
[EventType "swiss"]
[EventRounds "9"]
[EventCountry "FRA"]
[SourceTitle "EXT 2010"]
[Source "ChessBase"]
[SourceDate "2010.11.25"]
[SourceVersion "1"]
[SourceVersionDate "2010.11.25"]
[SourceQuality "1"]

1. d4 Nf6 2. c4 c5 3. d5 b5 4. cxb5 a6 5. b6 Qxb6 6. Nc3 d6 7. Nf3 g6 8. Nd2 Bg7 9. e4 Nbd7 10. Be2 0-0 11. 0-0 a5 12. Nc4 Qa7 13. a4 Ba6 14. Na3 Bxe2 15. Qxe2 Ne8 16. Bd2 Nc7 17. Rab1 Nb8 18. Nc4 Nd7 19. b3 Nb6 20. Rfe1 Nxc4 21. bxc4 Na6 22. Nb5 Qb6 23. f4 Nb4 24. e5 Rfe8 25. exd6 exd6 26. Qxe8+ Rxe8 27. Rxe8+ Bf8 28. f5 Kg7 29. f6+ Kxf6 30. Rxf8 Nd3 31. Rf1+ 1-0

[Event "Fouesnant op 14th"]
[Site "Fouesnant"]
[Date "2008.10.27"]
[Round "4"]
[White "Boulier, Rene"]
[Black "Hutois, Mickael"]
[Result "0-1"]
[WhiteElo "1866"]
[BlackElo "1984"]
[PlyCount "140"]
[EventDate "2008.10.25"]
[EventType "swiss"]
[EventRounds "9"]
[EventCountry "FRA"]
[SourceTitle "EXT 2009"]
[Source "ChessBase"]
[SourceDate "2008.11.26"]
[SourceVersion "1"]
[SourceVersionDate "2008.11.26"]
[SourceQuality "1"]

1. e4 e5 2. Nf3 Nc6 3. Bc4 Be7 4. 0-0 Nf6 5. d3 d6 6. h3 0-0 7. Nc3 h6 8. Be3 Na5 9. Bb3 c5 10. Nd5 Nxd5 11. Bxd5 Nc6 12. c3 Bf6 13. Qd2 Ne7 14. Bb3 Ng6 15. Nh2 Bg5 16. Bd5 Qf6 17. Ng4 Qe7 18. g3 Bxe3 19. Qxe3 h5 20. Nh6+ gxh6 21. Qxh6 Qf6 22. Qxh5 Qg7 23. Kh2 Qh7 24. Qxh7+ Kxh7 25. f4 exf4 26. gxf4 Be6 27. f5 Bxd5 28. fxg6+ fxg6 29. exd5 Rae8 30. Rxf8 Rxf8 31. Kg3 Re8 32. Kf3 Re5 33. c4 Kh6 34. Rg1 Rh5 35. Rg3 Re5 36. Kf2 Kh5 37. Rg4 Rf5+ 38. Ke3 Rf1 39. b4 cxb4 40. Re4 Rf7 41. d4 b6 42. Re6 Rd7 43. Kd3 a5 44. Kc2 a4 45. Re8 Rf7 46. Kd3 Rf1 47. Rb8 Rf3+ 48. Ke4 b3 49. axb3 Rxb3 50. c5 bxc5 51. Rh8+ Kg5 52. dxc5 Rb4+ 53. Ke3 dxc5 54. d6 Rd4 55. Rc8 Rxd6 56. Rxc5+ Kh4 57. Rc4+ Kxh3 58. Rxa4 g5 59. Ra7 g4 60. Rh7+ Kg2 61. Rg7 g3 62. Rg8 Rf6 63. Ke2 Re6+ 64. Kd2 Re5 65. Rg7 Kh2 66. Rh7+ Kg1 67. Rg7 g2 68. Rg8 Rh5 69. Ke2 Kh2 70. Kf2 Rf5+ 0-1

[Event "Fouesnant op 14th"]
[Site "Fouesnant"]
[Date "2008.10.25"]
[Round "1"]
[White "Smolyaninova, Marina"]
[Black "Boulier, Rene"]
[Result "1-0"]
[WhiteElo "2013"]
[BlackElo "1866"]
[PlyCount "77"]
[EventDate "2008.10.25"]
[EventType "swiss"]
[EventRounds "9"]
[EventCountry "FRA"]
[SourceTitle "EXT 2009"]
[Source "ChessBase"]
[SourceDate "2008.11.26"]
[SourceVersion "1"]
[SourceVersionDate "2008.11.26"]
[SourceQuality "1"]

1. Nf3 c5 2. g3 b6 3. Bg2 Bb7 4. 0-0 Nf6 5. c4 e6 6. Nc3 Be7 7. d4 cxd4 8. Nxd4 Bxg2 9. Kxg2 0-0 10. Ndb5 Qc8 11. Bf4 Na6 12. b3 Qc6+ 13. Kg1 Nh5 14. Bd6 Bxd6 15. Qxd6 Nc5 16. Qe5 Nf6 17. Rfd1 a6 18. Nd6 Nb7 19. Nde4 Nxe4 20. Nxe4 f6 21. Qd4 Rf7 22. Nd6 Re7 23. Nxb7 Qxb7 24. Qd6 Kf7 25. Rd2 Rc8 26. Rad1 Ke8 27. Qd3 f5 28. Qd4 Rd8 29. Qh4 h6 30. Rd6 a5 31. R1d4 Qc7 32. e4 Qc5 33. Qh5+ Kf8 34. exf5 exf5 35. R4d5 Re1+ 36. Kg2 Qc7 37. Rxf5+ Kg8 38. Qf7+ Kh7 39. Rg6 1-0

[Event "St Chely d'Aubrac op 8th"]
[Site "St Chely d'Aubrac"]
[Date "2008.07.14"]
[Round "3"]
[White "Barillet, Lucien"]
[Black "Boulier, Rene"]
[Result "0-1"]
[WhiteElo "1750"]
[BlackElo "1924"]
[PlyCount "56"]
[EventDate "2008.07.13"]
[EventType "swiss"]
[EventRounds "9"]
[EventCountry "FRA"]
[SourceTitle "CBM 125 Extra"]
[Source "ChessBase"]
[SourceDate "2008.09.01"]
[SourceVersion "1"]
[SourceVersionDate "2008.09.01"]
[SourceQuality "1"]

1. c4 Nf6 2. Nc3 g6 3. d4 c5 4. d5 d6 5. e4 Bg7 6. Nf3 Bg4 7. Be2 Nbd7 8. h3 Bxf3 9. Bxf3 a6 10. a4 0-0 11. Be2 Qc7 12. 0-0 Ne8 13. g4 e6 14. g5 Bd4 15. Kh1 Bxc3 16. bxc3 e5 17. h4 Ng7 18. h5 f5 19. h6 Nh5 20. exf5 Rxf5 21. Bxh5 gxh5 22. Qxh5 Nf8 23. f4 Ng6 24. Qg4 Raf8 25. Be3 Qf7 26. Kg1 exf4 27. Bd2 Ne5 28. Qe2 Rxg5+ 0-1

[Event "St Chely d'Aubrac op 8th"]
[Site "St Chely d'Aubrac"]
[Date "2008.07.14"]
[Round "2"]
[White "Boulier, Rene"]
[Black "Furrer, Marc"]
[Result "0-1"]
[WhiteElo "1924"]
[BlackElo "2121"]
[PlyCount "52"]
[EventDate "2008.07.13"]
[EventType "swiss"]
[EventRounds "9"]
[EventCountry "FRA"]
[SourceTitle "CBM 125 Extra"]
[Source "ChessBase"]
[SourceDate "2008.09.01"]
[SourceVersion "1"]
[SourceVersionDate "2008.09.01"]
[SourceQuality "1"]

1. e4 c5 2. Nc3 g6 3. f4 Nc6 4. Nf3 d6 5. Bb5 Bg7 6. 0-0 Nh6 7. d3 0-0 8. Bxc6 bxc6 9. Kh1 Kh8 10. Qe1 f5 11. e5 Qc7 12. Bd2 Nf7 13. Qh4 dxe5 14. fxe5 Rb8 15. Na4 Nxe5 16. Nxe5 Bxe5 17. Rae1 Bf6 18. Qh6 Rg8 19. b3 g5 20. Re2 f4 21. Nxc5 Bg4 22. Ne6 Qd7 23. Nxg5 Rxg5 24. Re4 Rbg8 25. Rfe1 f3 26. g3 f2 0-1

[Event "St Chely d'Aubrac op 7th"]
[Site "St Chely d'Aubrac"]
[Date "2007.07.18"]
[Round "6"]
[White "Boulier, Rene"]
[Black "Heudre, Dominique"]
[Result "0-1"]
[WhiteElo "1971"]
[BlackElo "1720"]
[PlyCount "110"]
[EventDate "2007.07.07"]
[EventType "swiss"]
[EventRounds "9"]
[EventCountry "FIN"]
[SourceTitle "EXT 2008"]
[Source "ChessBase"]
[SourceDate "2007.11.25"]
[SourceVersion "1"]
[SourceVersionDate "2007.11.25"]
[SourceQuality "1"]

1. e4 e6 2. d4 d5 3. Nd2 c5 4. exd5 Qxd5 5. dxc5 Bxc5 6. Ngf3 Nf6 7. Bc4 Qd8 8. 0-0 a6 9. Qe2 b5 10. Bd3 Bb7 11. Bxb5+ Nc6 12. Bd3 Qc7 13. Nb3 Bd6 14. h3 Nb4 15. c3 Nxd3 16. Qxd3 Rd8 17. Qe2 0-0 18. Bg5 Be7 19. Bxf6 Bxf6 20. Rfd1 Qb6 21. Nfd2 Qc7 22. Ne4 Be7 23. Nd4 Rd7 24. Nf3 Rfd8 25. Rxd7 Qxd7 26. Qe3 Qd3 27. Qxd3 Rxd3 28. Ned2 g5 29. Kf1 h5 30. Ke2 Rd8 31. Rg1 f5 32. Nd4 Kf7 33. N2b3 Kf6 34. f3 Bd5 35. Rd1 Bc4+ 36. Ke1 f4 37. Nc6 Rxd1+ 38. Kxd1 Bf1 39. g4 fxg3 40. Ke1 Bxh3 41. Nxe7 Kxe7 42. Nc5 Bf5 43. Nxa6 h4 44. Kf1 h3 45. Nb4 e5 46. Nd5+ Ke6 47. Ne3 Bd3+ 48. Kg1 e4 49. fxe4 Bxe4 50. Nf1 g2 51. Ng3 Bf3 52. a4 Ke5 53. a5 Kf4 54. Kh2 g1Q+ 55. Kxg1 Kxg3 0-1

[Event "St Chely d'Aubrac op 7th"]
[Site "St Chely d'Aubrac"]
[Date "2007.07.16"]
[Round "4"]
[White "Danzanvilliers, Patrice"]
[Black "Boulier, Rene"]
[Result "1-0"]
[WhiteElo "1858"]
[BlackElo "1971"]
[PlyCount "85"]
[EventDate "2007.07.07"]
[EventType "swiss"]
[EventRounds "9"]
[EventCountry "FIN"]
[SourceTitle "EXT 2008"]
[Source "ChessBase"]
[SourceDate "2007.11.25"]
[SourceVersion "1"]
[SourceVersionDate "2007.11.25"]
[SourceQuality "1"]

1. e4 e6 2. d4 d5 3. Nc3 dxe4 4. Nxe4 Bd7 5. Nf3 Bc6 6. Bd3 Nd7 7. 0-0 Be7 8. Re1 Ngf6 9. Ng3 Bxf3 10. Qxf3 c6 11. c3 0-0 12. Bd2 Re8 13. Nf1 Qa5 14. Ne3 Qh5 15. Qxh5 Nxh5 16. Nc4 g6 17. Be2 Ng7 18. Bf4 Red8 19. Bf3 a5 20. a4 Rdc8 21. h3 Ne8 22. g4 g5 23. Bg3 Nef6 24. Nd6 Bxd6 25. Bxd6 h6 26. c4 Ne8 27. Bg3 Nb6 28. b3 Rd8 29. Rad1 Rd7 30. Kg2 Kg7 31. h4 Rad8 32. hxg5 hxg5 33. Re5 Rxd4 34. Rxg5+ Kf8 35. Rxd4 Rxd4 36. Rxa5 Rd3 37. Ra7 Rd7 38. a5 Nc8 39. Ra8 Ne7 40. Rb8 f6 41. g5 Ng8 42. Bh5 Re7 43. Bd6 1-0

[Event "Fouesnant op 12th"]
[Site "Fouesnant"]
[Date "2006.11.02"]
[Round "7"]
[White "Picart, Laurent"]
[Black "Boulier, Rene"]
[Result "1-0"]
[WhiteElo "2094"]
[BlackElo "1963"]
[PlyCount "59"]
[EventDate "2006.10.28"]
[EventType "swiss"]
[EventRounds "9"]
[EventCountry "FRA"]
[SourceTitle "EXT 2008"]
[Source "ChessBase"]
[SourceDate "2007.11.25"]
[SourceVersion "1"]
[SourceVersionDate "2007.11.25"]
[SourceQuality "1"]

1. d4 Nf6 2. c4 c5 3. d5 b5 4. Nf3 bxc4 5. Nc3 d6 6. e4 Nbd7 7. Bxc4 g6 8. 0-0 Bg7 9. h3 0-0 10. Re1 Nb6 11. Bf1 Bb7 12. Bf4 Nfd7 13. a4 a5 14. Qd2 Ba6 15. Nb5 Re8 16. Ra2 Qb8 17. b3 Bb7 18. Bh6 Bh8 19. Ng5 Bc8 20. Rc2 Nf8 21. f4 f6 22. Nf3 Bd7 23. e5 Qb7 24. exd6 Bxb5 25. Bxb5 Nfd7 26. Bc6 Qa7 27. Bxa8 Qxa8 28. Rxe7 Rxe7 29. dxe7 Kf7 30. d6 1-0

[Event "St Chely d'Aubrac op 6th"]
[Site "St Chely d'Aubrac"]
[Date "2006.07.22"]
[Round "9"]
[White "Duffau, Pascal"]
[Black "Boulier, Rene"]
[Result "1-0"]
[WhiteElo "2040"]
[BlackElo "1993"]
[PlyCount "101"]
[EventDate "2006.07.15"]
[EventType "swiss"]
[EventRounds "9"]
[EventCountry "FRA"]
[SourceTitle "CBM 113 Extra"]
[Source "ChessBase"]
[SourceDate "2006.09.14"]
[SourceVersion "1"]
[SourceVersionDate "2006.09.14"]
[SourceQuality "1"]

1. Nf3 Nf6 2. c4 b6 3. Nc3 Bb7 4. g3 e6 5. Bg2 Ng4 6. 0-0 f5 7. d4 Bb4 8. Bg5 Nf6 9. Rc1 Bxc3 10. Rxc3 d6 11. d5 e5 12. Nh4 Bc8 13. e4 fxe4 14. Bxe4 0-0 15. Bc2 Qe8 16. Nf5 Na6 17. Re1 Bxf5 18. Bxf5 Qh5 19. Be6+ Kh8 20. Bxf6 Qxd1 21. Bxg7+ Kxg7 22. Rxd1 Nc5 23. Bg4 Rf6 24. b4 Ne4 25. Rf3 Rxf3 26. Bxf3 Nc3 27. Rd2 a5 28. b5 Rf8 29. Kg2 Na4 30. Be4 Nc5 31. f3 Kh6 32. h4 Rf7 33. Rf2 Kg7 34. Kf1 h6 35. Ke2 Kf8 36. Ke3 Rg7 37. Rg2 Ke8 38. g4 Ke7 39. g5 hxg5 40. hxg5 Kf7 41. Bf5 Ke7 42. f4 exf4+ 43. Kxf4 Kf8 44. Re2 Nb7 45. g6 Nc5 46. Kg5 Nb7 47. Kf6 Nc5 48. Rh2 Kg8 49. Be6+ Nxe6 50. dxe6 Kf8 51. Rh8+ 1-0

[Event "Fouesnant op 11th"]
[Site "Fouesnant"]
[Date "2005.10.29"]
[Round "9"]
[White "Boulier, Rene"]
[Black "Pinot, Christophe"]
[Result "1-0"]
[WhiteElo "1990"]
[BlackElo "1963"]
[PlyCount "90"]
[EventDate "2005.10.22"]
[EventType "swiss"]
[EventRounds "9"]
[EventCountry "FRA"]
[SourceTitle "EXT 2007"]
[Source "ChessBase"]
[SourceDate "2006.11.23"]
[SourceVersion "1"]
[SourceVersionDate "2006.11.23"]
[SourceQuality "1"]

1. e4 d5 2. exd5 Qxd5 3. Nc3 Qa5 4. d4 c6 5. Bd3 Nf6 6. Nf3 Bg4 7. h3 Bh5 8. 0-0 e6 9. Re1 Nbd7 10. Bd2 Qc7 11. Bc4 0-0-0 12. Bg5 h6 13. Be3 g5 14. g4 Bg6 15. Kg2 Bd6 16. Ne2 h5 17. gxh5 Nxh5 18. Rh1 Nf4+ 19. Bxf4 gxf4 20. c3 Rdg8 21. Kf1 Be4 22. Neg1 Nf6 23. Qe2 Bd5 24. Bd3 c5 25. dxc5 Bxc5 26. b4 Bxf2 27. Qxf2 Ng4 28. Qc5 Ne3+ 29. Ke1 Qxc5 30. bxc5 Rg2 31. Rh2 Rhg8 32. Rxg2 Rxg2 33. Rc1 e5 34. Bf1 Rg3 35. Be2 e4 36. Kf2 Rg2+ 37. Ke1 Rg3 38. Kf2 Rg2+ 39. Ke1 exf3 40. Nxf3 Rg3 41. Kf2 Rxh3 42. a4 Ng4+ 43. Kg2 Rg3+ 44. Kf1 Bxf3 45. Bc4 Ne3+ 1-0

[Event "Fouesnant op 11th"]
[Site "Fouesnant"]
[Date "2005.10.28"]
[Round "8"]
[White "Roche, Yves"]
[Black "Boulier, Rene"]
[Result "1/2-1/2"]
[WhiteElo "2071"]
[BlackElo "1990"]
[PlyCount "135"]
[EventDate "2005.10.22"]
[EventType "swiss"]
[EventRounds "9"]
[EventCountry "FRA"]
[SourceTitle "EXT 2007"]
[Source "ChessBase"]
[SourceDate "2006.11.23"]
[SourceVersion "1"]
[SourceVersionDate "2006.11.23"]
[SourceQuality "1"]

1. d4 Nf6 2. Nf3 b6 3. Bg5 Bb7 4. Nbd2 e6 5. e3 Be7 6. Bd3 d6 7. c3 Nbd7 8. 0-0 0-0 9. a4 a5 10. Re1 c5 11. h3 Bxf3 12. Qxf3 d5 13. Bf4 c4 14. Bc2 Qc8 15. g4 Qc6 16. e4 Rfc8 17. g5 dxe4 18. Rxe4 Nd5 19. h4 Bd6 20. Bxd6 Qxd6 21. Rg4 Ra7 22. h5 f5 23. gxf6 N7xf6 24. Rg5 Rf7 25. Ne4 Nxe4 26. Qxe4 Nf6 27. Qe5 Qxe5 28. Rxe5 Ng4 29. Rxe6 Rxf2 30. Bd1 Rf4 31. Be2 Nf2 32. Kg2 Nd3 33. Bxd3 cxd3 34. Rd1 Rcf8 35. Rxd3 Rf2+ 36. Kg3 Rxb2 37. Rf3 Rb3 38. Rxf8+ Kxf8 39. Rc6 Ra3 40. Kf4 Rxa4 41. Rxb6 Rc4 42. Rb3 Ke7 43. Ke5 Kd7 44. Kd5 Rc6 45. c4 Rd6+ 46. Kc5 Rc6+ 47. Kb5 Kc7 48. Re3 Rd6 49. d5 g5 50. Kxa5 Kd7 51. Re5 h6 52. c5 Rf6 53. d6 Kc6 54. Re7 Kxc5 55. d7 Rd6 56. Rh7 g4 57. Rxh6 Rxd7 58. Ka6 g3 59. Rg6 Rd6+ 60. Rxd6 Kxd6 61. h6 g2 62. h7 g1Q 63. h8Q Qf1+ 64. Kb6 Qf2+ 65. Ka6 Qa2+ 66. Kb6 Qb3+ 67. Ka6 Qc4+ 68. Ka5 1/2-1/2

[Event "St Chely d'Aubrac op 5th"]
[Site "St Chely d'Aubrac"]
[Date "2005.07.11"]
[Round "4"]
[White "Colandrea, Sauveur"]
[Black "Boulier, Rene"]
[Result "1-0"]
[WhiteElo "1874"]
[BlackElo "1996"]
[PlyCount "47"]
[EventDate "2005.07.09"]
[EventType "swiss"]
[EventRounds "9"]
[EventCountry "FRA"]
[SourceTitle "CBM 107 Extra"]
[Source "ChessBase"]
[SourceDate "2005.09.01"]
[SourceVersion "1"]
[SourceVersionDate "2005.09.01"]
[SourceQuality "1"]

1. e4 e6 2. d4 d5 3. Nd2 dxe4 4. Nxe4 Bd7 5. Nf3 Bc6 6. Bd3 Nd7 7. 0-0 Ngf6 8. Ng3 Bd6 9. Re1 0-0 10. Ne5 Nb8 11. Bg5 Be7 12. c3 h6 13. Bxf6 Bxf6 14. Qg4 Bxe5 15. Rxe5 Nd7 16. Nh5 g5 17. Rxe6 fxe6 18. Qxe6+ Rf7 19. Qg6+ Kf8 20. Qxh6+ Kg8 21. Re1 Nf8 22. Re5 Nh7 23. Bc4 Qd7 24. Qg7# 1-0

[Event "Fouesnant op 10th"]
[Site "Fouesnant"]
[Date "2004.10.24"]
[Round "2"]
[White "Boulier, Rene"]
[Black "Cloarec, Audrey"]
[Result "0-1"]
[WhiteElo "1995"]
[BlackElo "1850"]
[PlyCount "72"]
[EventDate "2004.10.23"]
[EventType "swiss"]
[EventRounds "9"]
[EventCountry "FRA"]
[SourceTitle "EXT 2007"]
[Source "ChessBase"]
[SourceDate "2006.11.23"]
[SourceVersion "1"]
[SourceVersionDate "2006.11.23"]
[SourceQuality "1"]

1. e4 d5 2. exd5 Qxd5 3. Nc3 Qa5 4. d4 c6 5. Nf3 Bg4 6. Be2 Nf6 7. 0-0 e6 8. h3 Bh5 9. Bd2 Qc7 10. Bg5 Nbd7 11. Re1 0-0-0 12. Qc1 Bd6 13. a4 h6 14. Be3 Nd5 15. Nxd5 exd5 16. c3 g5 17. Nxg5 hxg5 18. Bxg5 Rdg8 19. b4 f6 20. Be3 Bxe2 21. Rxe2 Rxh3 22. c4 Rh2 23. f4 Rgh8 24. Kf2 f5 25. c5 Be7 26. Qc2 R8h5 27. Bd2 Nf6 28. Re5 Ng4+ 29. Kf3 Nxe5+ 30. fxe5 Qd8 31. Bf4 R2h4 32. b5 Qg8 33. Rf1 Qg4+ 34. Ke3 Bg5 35. Bxg5 Rxg5 36. bxc6 Qxd4+ 0-1

[Event "Cap d'Agde Cavalier op"]
[Site "Cap d'Agde"]
[Date "2002.10.26"]
[Round "5"]
[White "Quillien, Emmanuel"]
[Black "Boulier, Rene"]
[Result "1-0"]
[WhiteElo "2100"]
[BlackElo "2044"]
[PlyCount "98"]
[EventDate "2002.10.23"]
[EventType "swiss"]
[EventRounds "9"]
[EventCountry "FRA"]
[SourceTitle "EXT 2004"]
[Source "ChessBase"]
[SourceDate "2003.11.25"]
[SourceVersion "1"]
[SourceVersionDate "2003.11.25"]
[SourceQuality "1"]

1. Nf3 b6 2. g3 Bb7 3. Bg2 Nf6 4. c4 c5 5. 0-0 g6 6. Nc3 Bg7 7. d4 cxd4 8. Qxd4 0-0 9. Qh4 Re8 10. Bh6 Bh8 11. Rfe1 d6 12. Bh3 Nbd7 13. Rac1 Rc8 14. Ng5 Qc7 15. b3 Qc6 16. e4 a6 17. Nd5 e6 18. Nb4 Qc7 19. Qf4 Ne5 20. Nd3 Nh5 21. Qe3 Rcd8 22. Nxe5 Bxe5 23. Nf3 Bh8 24. Nd4 Qc5 25. Bg2 Nf6 26. f3 Nd7 27. Qf2 Ne5 28. Be3 Qc7 29. Ne2 Nd7 30. h4 Bb2 31. Rc2 Ba3 32. h5 gxh5 33. Nf4 b5 34. cxb5 Nc5 35. Nxh5 Kh8 36. Nf6 Rf8 37. g4 Rg8 38. Nxg8 Rxg8 39. Rd2 Nd7 40. Rc2 Qa5 41. b6 Nc5 42. Qh4 Qxb6 43. Kh1 Rg6 44. Rd2 e5 45. Qe7 d5 46. exd5 a5 47. Qxe5+ f6 48. Qe8+ Rg8 49. Qh5 Bb4 1-0